000 00288nam a22001337a 4500
008 170907b xxu||||| |||| 00| 0 eng d
020 _a0823070417
041 _aeng
080 _a72
100 _a41
101 _aARK
245 _aARCHITECTURE AND YOU
_cCAUDILL, W.W
942 _2udc
_cBK
999 _c26475
_d26475